Footballeur par pays n°6 - Statistiques

Statistiques générales
  • Ce quiz a été pris 152 fois
  • Le résultat moyen est 13 sur 18
Statistiques - réponses
joueur Pays % Correct
Mario Mandžukić Croatie
98%
Samuel Umtiti France
98%
Timo Werner Allemagne
96%
Philippe Coutinho Bresil
96%
Iker Casillas Espagne
96%
Franco Baresi Italie
94%
Granit Xhaka Suisse
94%
Gareth Southgate Royaume-Uni
88%
Javier Hernandez Mexique
82%
Krzysztof Piątek Pologne
79%
Dejan Stanković Serbie
74%
Rabah Madjer Algerie
67%
Branislav Ivanović Serbie
66%
Nwankwo Kanu Nigeria
57%
Sardar Azmoun Iran
52%
Sami Hyypiä Finlande
45%
Carlos Sanchez Uruguay
33%
Zoltán Gera Hongrie
25%
Aucun quiz correspondant
Distribution des résultats
% des personnes avec chaque résultat
Percentile par nombre de réponses
Votre historique - résultats
Vous n’avez pas pris ce quiz